[Event "Portuguese Masters"]
[Site "Caldas de Felgueira"]
[Date "1999.02.22"]
[Round "3"]
[White "Reis, Luis Sousa"]
[Black "Damaso, Rui"]
[Result "1/2-1/2"]
[WhiteElo "2225"]
[BlackElo "2404"]

1.Nf3 d5 2.c4 d4 3.b4 Bg4 4.Qb3 a5 5.b5 a4 6.Qd3 Bxf3 7.Qxf3 c6 8.e3 Nf6
9.Bb2 dxe3 10.fxe3 Qc7 11.Be2 Nbd7 12.O-O e6 13.Na3 Bd6 14.bxc6 bxc6 15.Nb5 Bxh2+
16.Kh1 Qb8 17.Bxf6 gxf6 18.Qxc6 Ke7 19.Qf3 Be5 20.d4 Bg3 21.Rab1 Qg8 22.Qg4 h5
23.Qxg8 Raxg8 24.Kg1 h4 25.Nc3 h3 26.Bf3 Bh2+ 27.Kf2 hxg2 28.Bxg2 Bg3+ 29.Ke2 Rh2
30.Rg1 Bh4 31.Kf1 Rg3 32.Nd1 f5 33.Rb7 f4 34.exf4 Rd3 35.Ke2 Rxd4 36.Ne3 Rxf4
37.Rf1 Rxc4 38.Nxc4 Rxg2+ 39.Kd3 Kd8 40.Kc3 Bf6+ 41.Kb4 Be7+  1/2-1/2

[Event "BEL-chT9899"]
[Site "Antwerp"]
[Date "1999.02.??"]
[Round "7"]
[White "Praet, Maarten"]
[Black "De Wachter, Matthias"]
[Result "1/2-1/2"]
[WhiteElo "2190"]
[BlackElo "2194"]

1.Nf3 d5 2.c4 c6 3.e3 Nf6 4.Nc3 e6 5.b3 Nbd7 6.d4 Bd6 7.Bb2 O-O 8.Qc2 Qe7
9.Be2 b6 10.O-O Bb7 11.Rfe1 Rad8  1/2-1/2

[Event "United Insurance 4th"]
[Site "Dhaka"]
[Date "1999.03.03"]
[Round "13"]
[White "Ehlvest, Jaan"]
[Black "Rahman, Ziaur"]
[Result "1-0"]
[WhiteElo "2593"]
[BlackElo "2498"]

1.Nf3 d5 2.c4 e6 3.e3 Nf6 4.d4 Nbd7 5.Nc3 Be7 6.Bd3 dxc4 7.Bxc4 a6 8.a4 c5
9.O-O Qc7 10.Qe2 O-O 11.Bd2 b6 12.Rac1 Bb7 13.Rfd1 Bd6 14.h3 Bxf3 15.gxf3 cxd4
16.exd4 Bf4 17.Be3 Nh5 18.Ne4 Qd8 19.d5 e5 20.d6 Qh4 21.Qf1 Nhf6 22.Qg2 Nxe4
23.fxe4 Bxe3 24.fxe3 Rad8 25.Bd5 Qh6 26.Qf3 Nc5 27.b4 Rxd6 28.Kh2 Rf6 29.Qg3 Nd7
30.Rc7 Rg6 31.Qf3 Nf6 32.Ba2 Ng4+ 33.Kh1 Nf2+ 34.Kh2 Ng4+ 35.Kg2 Nxe3+ 36.Kh1 Re6
37.Rxf7 Rfe8 38.Rdd7 Kh8 39.Rf8+  1-0

[Event "ISL-chT9899"]
[Site "Reykjavik"]
[Date "1999.03.05"]
[Round "?"]
[White "Thorsson, Olafur"]
[Black "Thorhallsson, Throstur"]
[Result "0-1"]
[WhiteElo "2205"]
[BlackElo "2499"]

1.Nf3 d5 2.c4 dxc4 3.Qa4+ Nd7 4.Qxc4 c5 5.e3 a6 6.Qc2 b6 7.b3 Bb7 8.Bb2 Rc8
9.Be2 Ngf6 10.O-O e6 11.d3 Bd6 12.Nbd2 O-O 13.Rfe1 b5 14.Rac1 e5 15.g3 Bb8
16.Qb1 Re8 17.Qa1 Nd5 18.Bf1 g6 19.a3 Qe7 20.Bh3 Rcd8 21.Qb1 N5f6 22.e4 Nf8
23.Bc3 Bc8 24.Bf1 Bb7 25.b4 cxb4 26.axb4 N6d7 27.Nb3 Ba7 28.Qb2 f6 29.d4 exd4
30.Bxd4 Bxd4 31.Nfxd4 Qxb4 32.Qa2 Ne5 33.Re3 Kh8 34.Rc7 Rd7 35.Rxb7 Rxb7
36.Qxa6 Qe7 37.Bxb5 Reb8 38.Rc3 Ra7  0-1

[Event "BL2-N9899"]
[Site "Germany"]
[Date "1999.03.07"]
[Round "7.2"]
[White "Hansen, Lars Bo"]
[Black "Glienke, Manfred"]
[Result "1/2-1/2"]
[WhiteElo "2565"]
[BlackElo "2395"]

1.Nf3 d5 2.c4 c6 3.e3 Nf6 4.Nc3 g6 5.b3 Bg7 6.Bb2 O-O 7.Be2 Nbd7 8.d4 Ne4
9.cxd5 cxd5 10.O-O Ndf6 11.Rc1 Qa5 12.Ne5 Be6 13.Nxe4 Nxe4 14.f3 Nd6 15.Bc3 Qd8
16.Qd2 Bh6 17.Nd3 Bd7 18.Rfe1 Rc8 19.Bf1 Bb5 20.a4 Ba6 21.g3 Bxd3 22.Qxd3 Qd7
23.Bd2 Rxc1 24.Rxc1 Rc8 25.Rxc8+ Qxc8 26.Kf2 Qc6 27.Bh3 e6 28.Ke2 Bf8 29.Qc3 Qxc3
30.Bxc3 Be7 31.g4 Ne8 32.Bg2 Bd6 33.h3 Nc7 34.e4 Kf8 35.Kd3 Ke8 36.Bd2 Kd7
37.h4 b6 38.h5 a5 39.Bh3 Ke7 40.e5 Bb4 41.Bg5+ Ke8 42.Be3 Be7 43.f4 Bf8 44.f5 gxh5
45.gxh5 h6 46.Kc2 Kd7 47.b4 axb4 48.Kb3 exf5 49.Bxf5+ Kc6 50.Bd2 Ne6 51.Bxe6 fxe6
52.Bxb4 Bxb4 53.Kxb4 Kc7 54.a5 Kb7 55.Ka4 bxa5 56.Kb5 a4 57.Kxa4 Ka6 58.Kb4 Kb6
59.Ka4  1/2-1/2

[Event "BL2-N9899"]
[Site "Germany"]
[Date "1999.03.07"]
[Round "7.4"]
[White "Hess, Christian"]
[Black "Fette, Martin"]
[Result "1/2-1/2"]
[WhiteElo "2300"]
[BlackElo "2350"]

1.Nf3 d5 2.c4 c6 3.e3 Nf6 4.Nc3 g6 5.d4 Bg7 6.cxd5 cxd5 7.Bb5+ Bd7 8.Qb3 O-O
9.Bxd7 Qxd7 10.Ne5 Qc7 11.Bd2 Nc6  1/2-1/2

[Event "Victor Ciocaltea Memorial"]
[Site "Bucharest"]
[Date "1999.03.11"]
[Round "8"]
[White "Marin, Mihail"]
[Black "Conquest, Stuart"]
[Result "1-0"]
[WhiteElo "2527"]
[BlackElo "2488"]

1.Nf3 d5 2.c4 d4 3.g3 g6 4.b4 Bg7 5.d3 e5 6.Bg2 Ne7 7.O-O O-O 8.a4 h6 9.Ba3 c5
10.Nbd2 f5 11.Rb1 Kh7 12.Qc2 Qc7 13.Rfe1 Rd8 14.b5 Nd7 15.e3 dxe3 16.Rxe3 f4
17.Re2 Nf5 18.Rbe1 Rb8 19.Bb2 Nd4 20.Bxd4 exd4 21.Re7 Qa5 22.Ne4 Rf8 23.Qd1 Nf6
24.Nxc5 Qb4 25.Ne6 Bxe6 26.R1xe6 fxg3 27.hxg3 Rbe8 28.Rxe8 Rxe8 29.Rxe8 Nxe8
30.Qe2 Nc7 31.Qe4 Qxa4 32.Nh4 Qd1+ 33.Kh2 Qh5 34.Bf3 Qg5 35.Qxb7 Ne6 36.Be4 Nc5
37.Qc6 Nxe4 38.Qxe4 h5 39.Kg2 Qf6 40.Qc6 Qf7 41.c5  1-0

[Event "AUT2W-chT 9899"]
[Site "AUT"]
[Date "1999.03.12"]
[Round "7.1"]
[White "Stangl, Markus"]
[Black "Atlas, Dimitry"]
[Result "1/2-1/2"]
[WhiteElo "2545"]
[BlackElo "2290"]

1.Nf3 d5 2.c4 c6 3.d4 e6 4.e3 Nf6 5.Bd3 Nbd7 6.O-O Bd6 7.Nc3 O-O 8.e4 dxe4
9.Nxe4 Nxe4 10.Bxe4 h6 11.Bc2 Re8 12.Qd3 Nf8 13.b3 b6 14.Bb2 Bb7 15.Rad1 Qe7
16.Rfe1 Rad8 17.Ne5 c5 18.d5 exd5 19.cxd5 Qg5 20.f4 Qxf4 21.Rf1 Bxe5 22.Rxf4 Bxf4
23.Qc4 Be3+ 24.Kf1 Bd4 25.Bxd4 Bxd5 26.Qc3 cxd4 27.Rxd4  1/2-1/2

[Event "Lugano op"]
[Site "Lugano"]
[Date "1999.03.15"]
[Round "6"]
[White "Ermeni, Avni"]
[Black "Eschmann, Patrick"]
[Result "1-0"]
[WhiteElo "2275"]
[BlackElo "2065"]

1.Nf3 d5 2.c4 e6 3.d4 c5 4.cxd5 exd5 5.Nc3 Nc6 6.g3 Nf6 7.Bg2 Be7 8.O-O O-O
9.Bg5 Be6 10.Rc1 cxd4 11.Nxd4 h6 12.Be3 Re8 13.Ncb5 Qd7 14.Nxe6 fxe6 15.Bh3 Bd8
16.Nd4 Ne5 17.b3 Bb6 18.f3 Rad8 19.Qd2 Qf7 20.Kh1 Rd7 21.Rc2 Rde7 22.Nb5 Qh5
23.Kg2 Bxe3 24.Qxe3 Nc6 25.Qc5 Nd7 26.Qa3 a5 27.Nc7 Nb4 28.Nxe8 Nxc2 29.Qxe7 Ne3+
30.Kf2 Qxh3 31.Qxg7+  1-0

[Event "Bled op"]
[Site "Bled"]
[Date "1999.03.21"]
[Round "2"]
[White "Starc, Christian"]
[Black "Machin, Giovillavne"]
[Result "1-0"]
[WhiteElo "2126"]
[BlackElo "2069"]

1.Nf3 d5 2.c4 c6 3.d4 Nf6 4.Nc3 e6 5.Bg5 dxc4 6.e4 b5 7.a4 b4 8.Na2 Be7 9.e5 Nd5
10.Bxe7 Qxe7 11.Bxc4 c5 12.dxc5 Bb7 13.Bxd5 exd5 14.Nxb4 Qxc5 15.Qd4 Qa5
16.O-O O-O 17.Rfc1 Nd7 18.Nd3 Rfc8 19.Nf4 Nf8 20.h4 Ne6 21.Nxe6 fxe6 22.Ng5 Rxc1+
23.Rxc1 Rc8 24.Rc3 Qa6 25.Qg4 Rxc3 26.bxc3 Bc8 27.Qh5  1-0

[Event "Novgorod op"]
[Site "Novgorod"]
[Date "1999.03.23"]
[Round "5"]
[White "Gavrilov, Andrei"]
[Black "Ovod, Evgenija"]
[Result "0-1"]
[WhiteElo "2251"]
[BlackElo "2290"]

1.Nf3 d5 2.c4 c6 3.d4 e6 4.Nc3 dxc4 5.a4 Bb4 6.e3 b5 7.Ne5 Nf6 8.Bd2 O-O
9.Be2 Bb7 10.Bf3 Bxc3 11.Bxc3 Nd5 12.O-O f6 13.Bxd5 exd5 14.Nf3 a5 15.Qc2 b4
16.Bd2 Re8 17.Qf5 Re4 18.Ne1 Bc8 19.Qf3 Ra7 20.Qg3 Qc7 21.f4 Bf5 22.Qh4 Re8
23.Qh5 Bg6 24.Qh3 Be4 25.f5 Qf7 26.Rf4 Nd7 27.Rh4 Nf8 28.Rf4 Kh8 29.Qg4 g6
30.fxg6 Nxg6 31.Rf2 Rg8 32.Qh5 Qe6 33.Nf3 Rag7 34.Kh1 Ne7 35.Rg1 Nf5 36.Qh3 Rg4
37.Rgf1 R8g6 38.Qh5 Qg8 39.Ne1 Rh6 40.Qxf5 Bxf5 41.Rxf5 Rgh4 42.R1f3 Rxh2+
43.Kg1 Qg4 44.R5f4 Qh5 45.e4 Rg6 46.e5 Rh1+ 47.Kf2 fxe5 48.dxe5 Qxe5 49.Rf8+ Rg8
50.Rxg8+ Kxg8 51.Rg3+ Kh8 52.Re3 Qxb2 53.Re2 Qd4+ 54.Be3 Qh4+ 55.g3 Rh2+
56.Ng2 Qe4 57.Kg1 Rxg2+  0-1

[Event "Bled op"]
[Site "Bled"]
[Date "1999.03.27"]
[Round "8"]
[White "Sebenik, Matej"]
[Black "Lekic, Dusan"]
[Result "1/2-1/2"]
[WhiteElo "2154"]
[BlackElo "2381"]

1.Nf3 d5 2.c4 dxc4 3.e4 Nf6 4.Bxc4 e6 5.Nc3 c5 6.d4 cxd4 7.Qxd4 Qxd4 8.Nxd4 a6
9.a4 Bc5 10.Nb3 Bb4 11.f3 b6 12.Be3 Nfd7 13.Kf2 Nc6 14.Rhd1 Na5 15.Nxa5 bxa5
16.Na2 Be7 17.Bd4 O-O 18.Nc1 Nc5 19.Nd3 Nxd3+ 20.Rxd3 Rd8 21.Rad1 Rb8  1/2-1/2

[Event "Team Match 2nd"]
[Site "San Francisco"]
[Date "1999.03.30"]
[Round "7"]
[White "Hergott, Deen"]
[Black "Bhat, Vinay S"]
[Result "0-1"]
[WhiteElo "2390"]
[BlackElo "2312"]

1.Nf3 d5 2.c4 e6 3.b3 Nf6 4.g3 Be7 5.Bg2 c6 6.O-O O-O 7.Bb2 b6 8.d4 Bb7 9.Nbd2 Nbd7
10.Qc2 Rc8 11.e4 Qc7 12.Rfe1 Rfd8 13.Rac1 Qb8 14.e5 Ne8 15.c5 bxc5 16.Ba3 Nc7
17.dxc5 Nb5 18.Qb2 a5 19.b4 Nxa3 20.Qxa3 axb4 21.Qxb4 Qc7 22.Nb3 Ra8 23.a4 Rdb8
24.Qa3 Ba6 25.Bf1 Bxf1 26.Kxf1 Qa7 27.a5 Nxc5 28.Nxc5 Rb5 29.Nd4 Rxc5 30.Qd3 Qc7
31.a6 Qb6 32.Rb1 Qxa6 33.Rb8+ Bf8 34.Qxa6 Rxa6 35.Rc8 g6 36.Rb1 Kg7 37.Nxe6+ fxe6
38.Rb7+ Kg8 39.Rbb8 d4 40.Rxf8+ Kg7 41.Rg8+ Kh6 42.Rb7 d3 43.Rgg7 d2 44.Rxh7+ Kg5
45.Rbf7 d1=Q+ 46.Kg2 Qd2 47.Kh3 Ra4 48.f4+ Rxf4 49.gxf4+ Qxf4  0-1

[Event "ISR-chT"]
[Site "Israel"]
[Date "1999.04.02"]
[Round "6"]
[White "Kosashvili, Yona"]
[Black "Soffer, Ram"]
[Result "1/2-1/2"]
[WhiteElo "2565"]
[BlackElo "2513"]

1.Nf3 d5 2.c4 c6 3.e3 Nf6 4.b3 Bg4 5.Bb2 e6 6.h3 Bh5 7.Be2 Nbd7 8.O-O Bd6
9.d4 O-O 10.Nc3 Qe7 11.Nd2 Bg6 12.c5 Bc7 13.f4 Ba5 14.a3 Bxc3 15.Bxc3 Ne4
16.Nxe4 Bxe4 17.b4 b5 18.a4 a6 19.Ra3 Rfc8 20.Qa1 Qd8 21.Qa2 Rab8 22.Ra1 Rb7
23.axb5 axb5 24.Be1 Nf8 25.Ra6 Ng6 26.Qa5 Qd7 27.Rb6 Rbc7 28.Bg3 Ne7 29.Qa3 Nf5
30.Bh2 h6 31.Qc3 Ra7 32.Ra5 Kh7 33.Qa3 Rca8 34.Kf2 Ne7 35.Rba6 Nc8 36.g4 Qb7
37.Rxa7 Rxa7 38.Bg3 Kg8 39.Rxa7 Qxa7 40.Qa5 Kh7 41.Bh4 f6 42.g5 hxg5 43.Qxa7 Nxa7
44.fxg5 Kg6 45.gxf6 gxf6 46.Bg3 Nc8 47.Bd6 Kf7 48.Bg4 Ne7 49.Bxe7 Kxe7 50.h4 Bg6
51.Kg3 Bf7 52.Kf4  1/2-1/2

[Event "Dreifluesse op 7th"]
[Site "Passau"]
[Date "1999.04.02"]
[Round "1"]
[White "Deglmann, Ludwig"]
[Black "Fischer, Gerold"]
[Result "1-0"]
[WhiteElo "2346"]
[BlackElo "1896"]

1.Nf3 d5 2.c4 e6 3.g3 c5 4.Bg2 Nf6 5.O-O d4 6.b4 cxb4 7.a3 Nc6 8.d3 Be7 9.Bb2 O-O
10.axb4 Bxb4 11.Nbd2 Bc3 12.Bxc3 dxc3 13.Nb1 a6 14.Nxc3 Rb8 15.Nd2 e5 16.Qa4 Bd7
17.Qa3 Nd4 18.Ra2 b5 19.Rb1 Bg4 20.Nf1 Qd7 21.Ne3 Be6 22.Rab2 Ng4 23.Ned5 f5
24.e3 f4 25.exd4 f3 26.Bf1 Nf6 27.dxe5 Bh3 28.Qe7 Qg4 29.exf6 Rf7 30.Qe4  1-0

[Event "Dreifluesse op 7th"]
[Site "Passau"]
[Date "1999.04.02"]
[Round "1"]
[White "Drexel, Michael"]
[Black "Auerweck, Robert"]
[Result "1-0"]
[WhiteElo "2200"]
[BlackElo "1769"]

1.Nf3 d5 2.c4 e6 3.d4 Nf6 4.cxd5 exd5 5.Nc3 Be7 6.Bf4 c6 7.e3 Ne4 8.Bd3 f5
9.Qc2 O-O 10.O-O Nd7 11.Rab1 Ndf6 12.b4 Nh5 13.Be5 Bf6 14.b5 Bd7 15.bxc6 Bxc6
16.g3 Rc8 17.Rfe1 Be7 18.Qb3 Kh8 19.Ne2 Nhf6 20.Nf4 Qd7 21.Bxf6 Bxf6 22.Bf1 g5
23.Nd3 Qg7 24.Qb2 h5 25.Nfe5 h4 26.Qe2 Qh7 27.Nxc6 bxc6 28.Rb2 hxg3 29.hxg3 f4
30.Qg4 Qc7 31.gxf4 gxf4 32.Qh5+ Qh7 33.Qxh7+ Kxh7 34.Rb7+ Kh6 35.Bh3 Rg8+
36.Kh2 Rcf8 37.Nxf4 Nxf2 38.Rxa7 Nxh3 39.Kxh3 Rg5 40.Rc7  1-0

[Event "Dreifluesse op 7th"]
[Site "Passau"]
[Date "1999.04.02"]
[Round "1"]
[White "Buecherl, Konstantin"]
[Black "Mueller, Georg"]
[Result "0-1"]
[WhiteElo "1400"]
[BlackElo "2035"]

1.Nf3 d5 2.c4 d4 3.b4 Bg4 4.d3 Bxf3 5.exf3 e5 6.Be2 Bxb4+ 7.Nd2 Nc6 8.O-O Nge7
9.Rb1 O-O 10.Ne4 b6 11.f4 exf4 12.Bxf4 Ng6 13.Bg3 f5 14.Qa4 Qe8 15.Rxb4 Nxb4
16.Qxb4 c5 17.Qb1 fxe4 18.dxe4 Rd8 19.Re1 Qf7 20.Qd3 Ne5 21.Qb3 d3 22.Bf1 d2
23.Rd1 Rd4 24.f3 Ng6 25.Bd3 Nf4 26.Bf1 Qg6 27.Bxf4 Rxf4 28.Qe3 Rf8 29.Rxd2 Rxd2
30.Qxd2 Rxf3 31.Kh1 Rxf1+  0-1

[Event "Dreifluesse op 7th"]
[Site "Passau"]
[Date "1999.04.02"]
[Round "2"]
[White "Wockenfuss, Klaus"]
[Black "Reinke, Werner"]
[Result "1-0"]
[WhiteElo "2317"]
[BlackElo "1957"]

1.Nf3 d5 2.c4 c6 3.d4 Nf6 4.Qc2 g6 5.Bf4 Bf5 6.Qb3 Qb6 7.c5 Qxb3 8.axb3 Nbd7
9.h3 h5 10.Nc3 Bh6 11.Bxh6 Rxh6 12.b4 Ne4 13.e3 g5 14.Be2 g4 15.hxg4 Bxg4
16.Ra3 Ndf6 17.b5 Nxc3 18.bxc3 Bd7 19.Ne5 cxb5 20.Nxd7 Kxd7 21.Bxb5+ Kc7
22.Bd3 a6 23.Ke2 Rg8 24.g3 e5 25.Rb3 e4 26.Bc2 Ng4 27.Rhb1 Rb8 28.Rb6 Rxb6
29.Rxb6 f5 30.Bb3 Rd8 31.c4 dxc4 32.Bxc4 h4 33.gxh4 f4 34.Rg6 Nh2 35.h5  1-0

[Event "Hessen-ch op"]
[Site "Baunatal"]
[Date "1999.04.03"]
[Round "11"]
[White "Rueger, Erhard"]
[Black "Blum, Ralph"]
[Result "1-0"]
[WhiteElo "2185"]
[BlackElo "2056"]

1.Nf3 d5 2.c4 e6 3.g3 Nf6 4.Bg2 Be7 5.O-O O-O 6.b3 c6 7.Bb2 Nbd7 8.d3 Re8
9.Nbd2 Bf8 10.d4 b6 11.Qc2 Bb7 12.Rac1 Rc8 13.Rfd1 Rc7 14.Bc3 Qc8 15.b4 dxc4
16.Nxc4 Nd5 17.Qb3 Nxc3 18.Rxc3 Nf6 19.a3 Rd8 20.Nce5 c5 21.bxc5 Bd5 22.Qb2 bxc5
23.dxc5 Ne4 24.Rcc1 Bxc5 25.Nd3 Bb6 26.e3 Rxc1 27.Rxc1 Qb7 28.h4 Rc8 29.Rxc8+ Qxc8
30.Nb4 Qc3 31.Qxc3 Nxc3 32.Nd2 Bxg2 33.Kxg2 Kf8 34.Nc4 Bc5 35.Nd3 Be7 36.Nde5 Nb5
37.a4 Nd6 38.Na5 Nc8 39.Nac6 Ke8 40.Kf3 Ba3  1-0

[Event "Dreifluesse op 7th"]
[Site "Passau"]
[Date "1999.04.03"]
[Round "3"]
[White "Buecherl, Konstantin"]
[Black "Auerweck, Robert"]
[Result "0-1"]
[WhiteElo "1400"]
[BlackElo "1769"]

1.Nf3 d5 2.c4 d4 3.g3 g6 4.Bg2 Bg7 5.O-O e5 6.d3 Ne7 7.b4 O-O 8.e3 Nf5 9.exd4 Nxd4
10.Bb2 Nbc6 11.Qd2 Rb8 12.b5 Nxf3+ 13.Bxf3 Nd4 14.Bg2 c5 15.Nc3 a6 16.Nd5 Nf5
17.b6 Be6 18.Nc7 Bxc4 19.Rfd1 Be6 20.Ba3 Qd7 21.Bxc5 Rfd8 22.Rac1 Bh6 23.Be3 Nxe3
24.fxe3 Bg4 25.Nd5 Bg7 26.Rf1 Be6 27.e4 Qb5 28.a4 Qxa4 29.Rc4 Qa3 30.Rfc1 Qd6
31.Qf2 Qa3 32.R4c3 Qa4 33.Rc7 Rf8 34.Re7 Qa3 35.Rcc7 Qxd3 36.Rxb7 Rxb7 37.Rxb7 Bxd5
38.exd5 e4 39.Re7 Bd4  0-1

[Event "Dreifluesse op 7th"]
[Site "Passau"]
[Date "1999.04.03"]
[Round "3"]
[White "Testor, Sebastian"]
[Black "Mueller, Georg"]
[Result "1/2-1/2"]
[WhiteElo "2003"]
[BlackElo "2035"]

1.Nf3 d5 2.c4 c6 3.b3 Bf5 4.Bb2 e6 5.g3 Nf6 6.Bg2 Be7 7.O-O O-O 8.d3 h6 9.Nbd2 Bh7
10.cxd5 cxd5 11.Rc1 Nc6 12.Ne5 Nxe5 13.Bxe5 Ba3 14.Rc2 Nd7 15.Bc3 Qe7 16.Nb1 Bd6
17.Qd2 Rac8 18.Rfc1 Rc6 19.e4 dxe4 20.Bxe4 Bxe4  1/2-1/2

[Event "Dreifluesse op 7th"]
[Site "Passau"]
[Date "1999.04.03"]
[Round "3"]
[White "Tseitlin, Mikhail S"]
[Black "Nurbekoglu, Michael"]
[Result "1-0"]
[WhiteElo "2455"]
[BlackElo "2175"]

1.Nf3 d5 2.c4 e6 3.d4 c6 4.e3 Nf6 5.Nbd2 Be7 6.Bd3 Nbd7 7.O-O O-O 8.b3 b6
9.Bb2 Bb7 10.Qc2 g6 11.Rfd1 Re8 12.Rac1 Rc8 13.e4 Bf8 14.Qb1 Nh5 15.Bf1 Bh6
16.g3 f5 17.exf5 exf5 18.cxd5 cxd5 19.Bb5 Nhf6 20.Ne5 a6 21.Rxc8 Qxc8 22.Nxd7 Nxd7
23.Bf1 Nf6 24.Nf3 Ne4 25.Qd3 Qc7 26.Re1 Rc8 27.Re2 b5 28.Ne1 b4 29.Rc2 Qd8
30.a3 Bf8 31.axb4 Bxb4 32.Rxc8 Qxc8 33.Nc2 Bd6 34.f3 Nf6 35.Qc3 Qe8 36.Ba3 Bxa3
37.Nxa3 Qe7 38.Nc2 Ne8 39.Kf2 f4 40.Qe1 fxg3+ 41.hxg3 Qxe1+ 42.Nxe1 a5 43.Bh3 Bc6
44.Nd3 Nc7 45.Ne5 Bb5 46.Ke3 a4 47.bxa4 Bxa4 48.Bc8 Kg7 49.Kf4 h6 50.Bd7 Bd1
51.Ke3 h5 52.Kd2 Bb3 53.Kc3 Bd1 54.f4 Kf6 55.Kb4 Bc2 56.Kc5 Be4 57.Kd6 Na6
58.Nc6 Bf5 59.Be8 Be4 60.Bd7 Bf5 61.Bxf5 Kxf5 62.Ne7+ Ke4 63.Nxg6 Kxd4 64.Ne7 Nc5
65.Nc6+ Ke4 66.Kxc5 h4 67.gxh4 Kxf4 68.Nd4  1-0

[Event "Dreifluesse op 7th"]
[Site "Passau"]
[Date "1999.04.03"]
[Round "3"]
[White "Deglmann, Ludwig"]
[Black "Diehm, Alexander"]
[Result "1-0"]
[WhiteElo "2346"]
[BlackElo "2025"]

1.Nf3 d5 2.c4 c6 3.b3 Bf5 4.Bb2 Nd7 5.g3 e6 6.Bg2 Qb6 7.Nh4 Bg6 8.Nxg6 hxg6
9.Qc2 Ngf6 10.d4 Bb4+ 11.Nd2 Qa5 12.a3 Bxd2+ 13.Qxd2 Qxd2+ 14.Kxd2 O-O-O
15.h3 dxc4 16.bxc4 Nc5 17.Kc2 Nce4 18.Rhf1 Nd6 19.Kb3 Nde4 20.Rad1 c5 21.e3 Rd6
22.g4 Rhd8 23.f3 Ng3 24.Rf2 cxd4 25.exd4 e5 26.d5 e4 27.Re1 Re8 28.g5 exf3
29.Rxe8+ Nxe8 30.Bxf3 f6 31.h4 Kd8 32.c5 Rd7 33.Bc3 Re7 34.d6 Re3 35.Bxb7 Ne2
36.Rxe2 Rxe2 37.Kc4 Rc2 38.Kd4 Kd7 39.Be4 Rh2 40.Bxg6 Nxd6 41.cxd6 Kxd6 42.h5 Rh4+
43.Kd3 Ke6 44.h6 gxh6 45.gxf6 a5 46.f7 Rf4 47.Bxa5 Rxf7 48.Bxf7+ Kxf7 49.Kc4 Ke6
50.Kb5 Kd7 51.Ka6 Kc8 52.Ka7  1-0

[Event "Dreifluesse op 7th"]
[Site "Passau"]
[Date "1999.04.03"]
[Round "4"]
[White "Weiland, Guenter"]
[Black "Lehner, Erich"]
[Result "0-1"]
[WhiteElo "1872"]
[BlackElo "2097"]

1.Nf3 d5 2.c4 Nc6 3.cxd5 Qxd5 4.Nc3 Qh5 5.d4 Bg4 6.d5 Bxf3 7.gxf3 O-O-O 8.Qa4 Rxd5
9.Nxd5 Qxd5 10.Bh3+ e6 11.O-O Bd6 12.Qe4 Qh5 13.Qg4 Qe5 14.f4 Qf6 15.e3 g6
16.Bg2 Nge7 17.Qg5 Qg7 18.Bxc6 Nxc6 19.Rb1 f5 20.Bd2 h6 21.Qg2 Rh7 22.Kh1 g5
23.Rg1 Qf7 24.Qf3 e5 25.fxe5 g4 26.Qg2 Nxe5 27.f4 gxf3 28.Qg8+ Kd7 29.Qxf7+ Rxf7
30.Rbf1 Bc5 31.Rg3 Ke6 32.Bc3 Bxe3 33.Bxe5 Kxe5 34.Rgxf3 Ke4 35.h4 f4 36.Kg2 Rd7
37.Kh3 h5  0-1

[Event "Kraft Chess Cup"]
[Site "Skelleftea"]
[Date "1999.04.03"]
[Round "3.1"]
[White "Akesson, Ralf"]
[Black "Hector, Jonny"]
[Result "0-1"]
[WhiteElo "2530"]
[BlackElo "2542"]

1.Nf3 d5 2.c4 c6 3.e3 Nf6 4.Nc3 e6 5.b3 Bd6 6.Bb2 O-O 7.d4 Nbd7 8.Be2 Qe7
9.O-O Re8 10.Qc2 b6 11.e4 Nxe4 12.Nxe4 dxe4 13.Qxe4 Bb7 14.Rad1 e5 15.c5 bxc5
16.dxe5 Nxe5 17.Nxe5 Bxe5 18.Bxe5 Qxe5 19.Qxe5 Rxe5 20.Bc4 Kf8 21.f4 Re4
22.Rd7 Re7 23.Rxe7 Kxe7 24.Re1+ Kd6 25.Rd1+ Ke7 26.Re1+ Kd6 27.Bxf7 Rf8 28.Bc4 Rxf4
29.Re8 Rg4 30.a4 a5 31.Rb8 Kc7 32.Rf8 Kb6 33.h3 Rd4 34.Rb8 Ka7 35.Rg8 Rd7
36.Kf2 Ba6 37.g4 g6 38.Ke3 Bxc4 39.bxc4 Rd4 40.Rg7+ Kb6 41.Rxh7 Rxc4 42.Rh6 Rxa4
43.g5 Ra1 44.Kd2 a4 45.Rxg6 Rh1 46.Kc2 Rh2+ 47.Kb1 Rxh3 48.Rg8 c4 49.g6 Rg3
50.Kb2 Kc5 51.g7 Rg2+ 52.Kc3 a3 53.Ra8 Rxg7 54.Ra5+ Kb6 55.Ra4 Ra7 56.Rb4+ Kc7
57.Rb1 a2 58.Ra1 Ra4 59.Kb2 Kb6 60.Kc3 Kb5  0-1

[Event "Mar del Plata op 30th"]
[Site "Mar del Plata"]
[Date "1999.04.04"]
[Round "9"]
[White "Sola, Ruben"]
[Black "Braga, Fernando"]
[Result "0-1"]
[WhiteElo "2265"]
[BlackElo "2461"]

1.Nf3 d5 2.c4 e6 3.g3 Nf6 4.Bg2 Be7 5.O-O O-O 6.b3 c5 7.Na3 Nc6 8.Nc2 e5
9.cxd5 Nxd5 10.Bb2 Bf6 11.d3 Qd7 12.Nd2 b6 13.Ne4 Be7 14.Qc1 Bb7 15.Ne3 Nd4
16.Bxd4 cxd4 17.Nxd5 Bxd5 18.Qd2 h6 19.f4 f5 20.Nf2 Bxg2 21.Kxg2 exf4 22.Qxf4 Bg5
23.Qf3 Rae8 24.Nd1 Re5 25.Rb1 Qc8 26.h4 Bd2 27.Nb2 b5 28.a4 a6 29.axb5 axb5
30.Nd1 Rfe8 31.Nf2 Qe6 32.Nh3 Rxe2+ 33.Rf2 Rxf2+ 34.Nxf2 Be3 35.Rb2 Rc8 36.Qb7 Rc5
37.b4 Qc6+ 38.Qxc6 Rxc6 39.Nd1 f4 40.gxf4 Bxf4 41.Kf3 Bc1 42.Rb1 Bd2 43.Ke4 Rd6
44.h5 Be1 45.Rb2 Kf7 46.Nf2 Bc3 47.Rb1 g6 48.hxg6+ Rxg6 49.Nh3 h5 50.Nf4 Rh6
51.Rf1 h4 52.Nh3+ Ke6 53.Rh1 Kd6 54.Ng5 Kc6 55.Nf3 h3 56.Nxd4+ Bxd4 57.Kxd4 Kd6
58.Rh2 Rh4+ 59.Ke3 Kd5 60.Ke2 Kd4 61.Kd2 Rh5 62.Kc2 Ke3 63.Kc3 Kf3 64.Kd4 Kg3
65.Rh1 Kg2  0-1

[Event "Doeberl Cup op"]
[Site "Canberra"]
[Date "1999.04.05"]
[Round "7"]
[White "Sandler, Leonid"]
[Black "Levi, Eddy"]
[Result "1-0"]
[WhiteElo "2351"]
[BlackElo "2245"]

1.Nf3 d5 2.c4 d4 3.g3 g6 4.Bg2 Bg7 5.O-O Nf6 6.d3 O-O 7.e3 Nc6 8.exd4 Nxd4
9.Nxd4 Qxd4 10.Nc3 Bf5 11.Be3 Qxd3 12.Qb3 Be6 13.Qxb7 Rab8 14.Qxa7 Rxb2 15.Na4 Rc2
16.Nc5 Qxc4 17.Nxe6 Qxe6 18.Rfc1 Rxc1+ 19.Rxc1 Nd5 20.Bxd5 Qxd5 21.a4 Be5
22.Bh6 Ra8 23.Rb1 f6 24.Rb8+ Rxb8 25.Qxb8+ Kf7 26.Qf8+ Ke6 27.Qg8+ Kd6 28.Qxh7 Qd1+
29.Kg2 Qh5 30.h3 Kd7 31.g4 Qh4 32.Qxg6 c5 33.Be3 Qh8 34.Qd3+ Bd6 35.Qb5+ Ke6
36.Qc6 Kf7 37.a5  1-0

[Event "Hampstead IM-A 5th"]
[Site "London"]
[Date "1999.04.07"]
[Round "1"]
[White "Dunnington, Angus J"]
[Black "Krutti, Valer"]
[Result "1/2-1/2"]
[WhiteElo "2353"]
[BlackElo "2354"]

1.Nf3 d5 2.c4 c6 3.e3 Nf6 4.d4 Bf5 5.Bd3 Bxd3 6.Qxd3 e6 7.Nc3 Bb4 8.O-O Nbd7
9.a3 Be7 10.e4 dxe4 11.Nxe4 Nxe4 12.Qxe4 O-O 13.Bf4 a5 14.Rfd1  1/2-1/2

[Event "IND-ch"]
[Site "Nagpur"]
[Date "1999.04.07"]
[Round "16"]
[White "Hegde, Ravi Gopal"]
[Black "Sashikiran, Krishnan"]
[Result "0-1"]
[WhiteElo "2397"]
[BlackElo "2525"]

1.Nf3 d5 2.c4 c6 3.d4 Nf6 4.Nc3 dxc4 5.g3 g6 6.Bg2 Bg7 7.O-O O-O 8.Ne5 Be6
9.f4 Nfd7 10.Be3 Na6 11.Bf2 Nxe5 12.dxe5 Qxd1 13.Rfxd1 f6 14.exf6 exf6 15.Rd6 Rfe8
16.Rad1 f5 17.e4 Bf8 18.exf5 gxf5 19.Rxe6 Rxe6 20.Rd2 Nc5 21.Rd4 Nd3 22.Rxc4 Nxf2
23.Kxf2 Rd8 24.g4 Rd2+  0-1

[Event "Mitropa Cup"]
[Site "Baden"]
[Date "1999.04.10"]
[Round "9"]
[White "Jirovsky, Milos"]
[Black "Acs, Peter"]
[Result "1/2-1/2"]
[WhiteElo "2459"]
[BlackElo "2521"]

1.Nf3 d5 2.c4 e6 3.d4 Nf6 4.e3 Nbd7 5.Nc3 c6 6.Qc2 Bd6 7.e4 dxe4 8.Nxe4 Nxe4
9.Qxe4 Nf6 10.Qc2 c5 11.dxc5 Bxc5 12.Be3 Bb4+ 13.Bd2 Bxd2+ 14.Qxd2 O-O 15.O-O-O Qc7
16.Qc3 b6 17.Ne5 Bb7 18.f3 Rac8 19.Kb1  1/2-1/2

[Event "Golden Cleopatra op 3rd"]
[Site "Cairo"]
[Date "1999.04.11"]
[Round "1"]
[White "Hamed, Ahmed"]
[Black "Ahmed, Ehab"]
[Result "1/2-1/2"]
[WhiteElo "2349"]
[BlackElo "2255"]

1.Nf3 d5 2.c4 c6 3.g3 Nf6 4.Bg2 Bf5 5.O-O e6 6.b3 Nbd7 7.Bb2 Bd6 8.Nc3 O-O
9.Re1 Re8 10.d3 Qc7 11.Rc1 a6 12.Nh4 Bg4 13.cxd5 exd5 14.h3 Be6 15.Nf3 Rad8
16.Qd2 h6 17.Nd4 Qb6 18.e3 Bf8 19.Kh2 Nc5 20.Nxe6 Rxe6 21.Ne2 Ncd7 22.Bc3 Qa7
23.Nf4 Ree8 24.Qb2 Qb8 25.Rcd1 Bd6 26.Qe2 Be5 27.Ba5 Bc7 28.Bc3 Be5 29.Ba5 Bc7
30.Bd2 Qa7 31.Rc1 Qb6 32.Qd1 Bd6 33.b4 Nf8 34.a3 Ne6 35.Nxe6 Rxe6 36.f4 Rde8
37.Qf3 Qb5 38.Bf1 Qa4 39.Qd1 Qxd1 40.Rcxd1 Nd7 41.Bg2 f5 42.Kg1 Nf6 43.Kf2 Kf7
44.Bc3 Bc7 45.Bd4 g5 46.Bf3 Rg8 47.a4 Ra8 48.b5 axb5 49.axb5 gxf4 50.gxf4 Ra3
51.bxc6 bxc6 52.Be2 Ba5 53.Rg1 Bc3 54.Bxc3 Rxc3 55.Rc1 Rb3 56.Rb1 Rxb1 57.Rxb1 Re7
58.Bf3 c5 59.Rb8 Rc7 60.Ke2  1/2-1/2

[Event "St Petersburg-ch"]
[Site "St Petersburg"]
[Date "1999.04.12"]
[Round "7"]
[White "Ivanov, Vladimir Ivanovich"]
[Black "Rusanov, Michail"]
[Result "1/2-1/2"]
[WhiteElo "2423"]
[BlackElo "2448"]

1.Nf3 d5 2.c4 c6 3.e3 e6 4.b3 f5 5.Be2 Nf6 6.O-O Bd6 7.Ba3 O-O 8.d4 Bxa3
9.Nxa3 Qe7 10.Nc2 Nbd7 11.Nce1 e5 12.dxe5 Nxe5 13.Nxe5 Qxe5 14.cxd5 Nxd5
15.Nf3 Qf6 16.Qd4 Be6 17.Rac1 a6 18.Qxf6 Rxf6 19.Ng5 h6 20.Nxe6 Rxe6 21.Bc4 Rd8
22.Rfd1 Red6 23.Kf1 Kf8 24.Bxd5 Rxd5 25.Rxd5 Rxd5 26.Ke2 Ke7 27.Rc4 Kd6 28.g4 b5
29.Rf4 fxg4 30.Rxg4 g5 31.h4 c5 32.hxg5 hxg5 33.f4 gxf4 34.Rg6+ Ke5 35.Rxa6 fxe3
36.Kxe3 c4 37.bxc4 bxc4 38.Ra8 Rd3+ 39.Ke2 Rd7 40.Rc8 Ra7  1/2-1/2